| 000 | 00367nam a22001457a 4500 | ||
|---|---|---|---|
| 040 | _cNUST | ||
| 082 |
_a621 _bTHO |
||
| 100 | _aBeckwith, Thomas G. | ||
| 245 |
_aFundamentals of Instrumentation and Measurement/ _c Thomas G. Beckwith |
||
| 250 | _a6th Edition | ||
| 260 |
_aFrance: _bHermès Science; _c2000. |
||
| 300 | _a532p. | ||
| 521 | _bHB | ||
| 942 |
_2ddc _cBK |
||
| 999 |
_c606804 _d606804 |
||